|
|
|
|
| LEADER |
00000nam0a2200000 4500 |
| 001 |
300748 |
| 005 |
20231102001331.0 |
| 020 |
|
|
|a RU
|b 82-57964
|
| 035 |
|
|
|a (RuTPU)RU\TPU\book\325901
|
| 090 |
|
|
|a 300748
|
| 100 |
|
|
|a 20150715d1982 k y0rusy5003 ca
|
| 101 |
0 |
|
|a rus
|
| 102 |
|
|
|a RU
|
| 105 |
|
|
|a y z 001zy
|
| 200 |
1 |
|
|a Оптимальное моделирование производственных процессов на машиностроительном предприятии
|f А. С. Вальков
|g Тульский политехнический институт (ТулПИ, ТПИ)
|
| 210 |
|
|
|a Тула
|c Изд-во ТПИ
|d 1982
|
| 215 |
|
|
|a 104 с.
|
| 320 |
|
|
|a Библиогр.: с. 101-102
|
| 606 |
|
|
|a Машиностроительные объединения
|x Планирование
|2 stltpush
|3 (RuTPU)RU\TPU\subj\41674
|9 61460
|
| 610 |
1 |
|
|a оборудование
|
| 610 |
1 |
|
|a размещение
|
| 610 |
1 |
|
|a параметры
|
| 610 |
1 |
|
|a матричный метод
|
| 610 |
1 |
|
|a операции
|
| 610 |
1 |
|
|a план-график
|
| 675 |
|
|
|a 621.002:658.51.012
|v 3
|
| 700 |
|
1 |
|a Вальков
|b А. С.
|g Афанасий Степанович
|
| 712 |
0 |
2 |
|a Тульский политехнический институт (ТулПИ, ТПИ)
|c (1963-1992)
|2 stltpush
|3 (RuTPU)RU\TPU\col\284
|
| 801 |
|
0 |
|a RU
|b RuMRKP
|c 19950704
|g psbo
|
| 801 |
|
1 |
|a RU
|b 63413507
|c 20150715
|
| 801 |
|
2 |
|a RU
|b 63413507
|c 20180619
|g RCR
|
| 942 |
|
|
|c BK
|